Las introducciones temporales (Record no. 46334)

MARC details
000 -LEADER
campo de control de longitud fija 00655nam a2200181 i 4500
001 - NÚMERO DE CONTROL
campo de control 46334
003 - IDENTIFICADOR DE NÚMERO DE CONTROL
campo de control ES-MaACL
005 - FECHA Y HORA DE LA ÚLTIMA TRANSACCIÓN
campo de control 20250903063057.0
007 - CAMPO FIJO DE DESCRIPCIÓN FÍSICA--INFORMACIÓN GENERAL
campo de control de longitud fija t|
008 - DATOS DE LONGITUD FIJA--INFORMACIÓN GENERAL
campo de control de longitud fija 030328s1915 sp |||| | spa d
100 1# - ENTRADA PRINCIPAL--NOMBRE DE PERSONA
Nombre de persona Comenge, Rafael,
Fechas asociadas al nombre 1856-1934
9 (RLIN) 39990
245 14 - MENCIÓN DEL TÍTULO
Título Las introducciones temporales
Resto del título : discurso pronunciado por D. Rafael Comenge en la Federación Taquigráfica Española el lunes 21 de diciembre de 1914.
260 ## - PUBLICACIÓN, DISTRIBUCIÓN, ETC.
Lugar de publicación, distribución, etc. Madrid :
Nombre del editor, distribuidor, etc. [Biblioteca de El Mundo Taquigráfico,
Fecha de publicación, distribución, etc. 1915]
300 ## - DESCRIPCIÓN FÍSICA
Extensión 16 p. ;
Dimensiones 24 cm.
710 2# - ENTRADA AGREGADA--NOMBRE DE ENTIDAD CORPORATIVA
Nombre de entidad corporativa o nombre de jurisdicción como elemento de entrada Federación Taquigráfica Española.
9 (RLIN) 151177
852 ## - LOCALIZACIÓN
Ubicación ES-MaACL
Número de control de estantería 1502-F-2
Holdings
Estatus retirado Estado de pérdida Estado de daño No para préstamo Colección Biblioteca de origen Biblioteca actual Ubicación en estantería Fecha de adquisición Fuente de adquisición Total de préstamos Signatura topográfica completa Código de barras Visto por última vez Precio de reemplazo Tipo de ítem Koha
        Colección de folletos Biblioteca del Ateneo de Madrid Biblioteca del Ateneo de Madrid Depósito folletos 17/01/2008     1502-F-2 1048732 23/02/2023 23/02/2023 Folleto